Programmes de l'UE - Statistiques

Statistiques générales
  • Ce quiz a été pris 1 fois
  • Le résultat moyen est 2 sur 20
Statistiques - réponses
Hint Réponse % Correct
Cherche à sécuriser l’approvisionnement en matières premières critiques, avec objectifs de 10 % d’extraction, 40 % de transformation, 25 % de recyclage dans l’UE et limitation de la dépendance à un seul pays tiers. CRMA
100%
Vise à faire produire en Europe davantage de technologies net-zéro (solaire, batteries, pompes à chaleur, électrolyseurs, etc.), avec un objectif de capacité manufacturière couvrant 40 % des besoins annuels de déploiement de l’UE d’ici 2030. NZIA
100%
Donne à l’UE un outil pour répondre à la coercition économique exercée par des pays tiers. ACI
0%
Fixe des objectifs obligatoires pour les infrastructures de recharge et d’hydrogène sur le réseau européen. AFIR
0%
Premier grand cadre horizontal sur l’IA, fondé sur une logique de niveaux de risque, avec interdictions, obligations pour les systèmes à haut risque et règles sur les modèles d’IA à usage général. AI Act
0%
Finance les politiques d’asile, de migration, d’intégration et de retour. AMIF
0%
Renforce la lutte européenne contre le blanchiment et crée AMLA, nouvelle autorité européenne dédiée à ce domaine. AML package / AMLA
0%
Instrument d’urgence visant à augmenter la capacité de production européenne de munitions et missiles, avec un accent sur les goulets d’étranglement industriels. ASAP
0%
Organise la nouvelle logique de solidarité et de répartition des responsabilités entre États membres. Asylum and Migration Management Regulation
0%
Repose sur la supervision bancaire européenne, la résolution commune et la gestion des crises, afin de renforcer la stabilité financière de la zone euro. Banking Union
0%
Encadre tout le cycle de vie des batteries : contenu recyclé, empreinte carbone, collecte, recyclage, traçabilité et devoir de vigilance. Battery Regulation
0%
Organise la mise en œuvre nationale de la PAC à travers des plans stratégiques nationaux. CAP Strategic Plans Regulation
0%
Fixe les règles de la politique commune de la pêche pour gérer durablement les ressources halieutiques. CFP
0%
Cadre destiné à réduire les déchets, améliorer la durabilité des produits et encourager une meilleure valorisation des ressources. Circular Economy Action Plan
0%
Fait de la décarbonation un levier de compétitivité, avec un accent sur l’énergie abordable, la demande pour les produits propres européens, le financement et l’accélération des investissements industriels. Clean Industrial Deal
0%
Cherche à approfondir les marchés de capitaux européens pour mieux financer l’économie et diversifier les sources de financement des entreprises. CMU
0%
Encadre les émissions des véhicules neufs et constitue un levier fort de la transition du secteur automobile. CO2 standards for cars and vans
0%
L’UE ne crée pas un système social unique, mais coordonne les régimes nationaux pour garantir la mobilité sans perte de droits. Coordination des systèmes de sécurité sociale
0%
Implique les grandes entreprises dans une logique de vigilance sur les atteintes aux droits humains et à l’environnement dans leurs chaînes de valeur. CSDDD
0%
Imposera une logique de cybersécurité by design pour les produits comportant des éléments numériques. Cyber Resilience Act
0%
Renforce le rôle de l’ENISA et développe les schémas européens de certification en cybersécurité. Cybersecurity Act
0%
Renforcent l’échange d’informations fiscales et adaptent la coopération administrative aux nouveaux actifs et montages, notamment numériques. DAC8 / DAC9 et suites
0%
Organise l’accès, l’utilisation et le partage des données, notamment celles issues des objets connectés, et encadre aussi certains aspects du cloud. Data Act
0%
Crée un cadre pour développer le partage de données dans l’UE, avec des intermédiaires de données de confiance et des mécanismes d’altruisme des données. DGA
0%
Fixe les grands objectifs numériques de l’UE à l’horizon 2030 : compétences, infrastructures, numérisation des entreprises et services publics numériques. Digital Decade
0%
Cherche à construire un espace économique numérique intégré, avec moins de barrières nationales pour les services, contenus et entreprises numériques. Digital Single Market
0%
Ne crée pas un SMIC européen uniforme, mais impose aux États d’améliorer l’adéquation des salaires minimaux et de renforcer la négociation collective. Directive salaires minimaux adéquats
0%
Cherche à mieux protéger les travailleurs de plateforme, notamment sur la qualification de la relation de travail et l’encadrement des algorithmes. Directive travail de plateforme
0%
Encadre les grandes plateformes dites gatekeepers pour limiter les abus de position dominante et ouvrir davantage les marchés numériques européens. DMA
0%
Imposera aux acteurs financiers des obligations poussées de résilience opérationnelle numérique, de tests et de supervision des prestataires TIC critiques. DORA
0%
Encadre les plateformes et services numériques en matière de transparence, de contenus illicites et de gestion des risques systémiques, avec obligations renforcées pour les très grandes plateformes. DSA
0%
Doté de 7,3 milliards d’euros, il finance la recherche et le développement collaboratifs de défense afin de renforcer la base industrielle et technologique européenne. EDF
0%
Cadre plus structurel pour l’industrie européenne de défense, adopté fin 2025, doté de 1,5 milliard d’euros, dont 300 millions pour l’Ukraine. EDIP
0%
Vise à encourager les achats conjoints de défense entre États membres, même si son effet reste surtout incitatif au regard de son enveloppe. EDIRPA
0%
Facilite l’accès des patients et professionnels aux données de santé, tout en organisant leur usage secondaire pour la recherche et l’action publique. EHDS
0%
Met en place le portefeuille européen d’identité numérique, pour faciliter l’identification et certains services en ligne dans toute l’UE. eIDAS 2
0%
Facilite la coopération entre États pour faire respecter les règles européennes en matière de mobilité du travail. ELA
0%
Réforme le marché électrique afin de mieux protéger consommateurs et industriels contre la volatilité des prix, en favorisant notamment les contrats de long terme. Electricity Market Design Reform
0%
Protège la liberté éditoriale, l’indépendance des médias, la transparence de leur propriété et les sources journalistiques. EMFA
0%
Renforce les obligations des États en matière d’économie d’énergie, avec une logique de sobriété, rénovation et meilleure performance énergétique. Energy Efficiency Directive
0%
Instrument permettant de financer certaines actions de sécurité et de soutien militaire, notamment au profit de partenaires extérieurs. EPF
0%
Programme emblématique de mobilité dans l’éducation, la jeunesse, le sport et la formation. Erasmus+
0%
Principal programme européen de financement de la santé, centré sur la résilience des systèmes de santé et la préparation aux crises. EU4Health
0%
Conditionne l’accès au marché européen à des chaînes d’approvisionnement sans déforestation, avec obligations de diligence raisonnable pour plusieurs produits à risque. EUDR
0%
Base de données biométriques destinée à mieux gérer l’asile, certaines questions migratoires et l’identification. Eurodac
0%
Favorise la coopération judiciaire en matière pénale entre États membres. Eurojust
0%
Renforce la souveraineté européenne en semi-conducteurs en combinant recherche, soutien industriel, coordination en cas de crise et montée en puissance des capacités de production. European Chips Act
0%
Donne une base juridique contraignante aux objectifs climatiques de l’UE, notamment la neutralité climatique en 2050 et la trajectoire intermédiaire de réduction des émissions. European Climate Law
0%
Cherche à renforcer la coopération en matière d’éducation, de reconnaissance des diplômes, de mobilité et de qualité des systèmes éducatifs. European Education Area
0%
Constitue le cadre général des communications électroniques dans l’UE. European Electronic Communications Code
0%
Grande feuille de route de l’UE pour transformer l’économie européenne en visant la neutralité climatique tout en réformant énergie, industrie, transports, agriculture et finance durable. European Green Deal
0%
Sert de boussole sociale à l’UE en matière d’emploi, de protection sociale, d’inclusion et de conditions de travail. European Pillar of Social Rights
0%
Sert à coordonner les politiques économiques, budgétaires, sociales et de réforme des États membres à travers recommandations, surveillance et suivi. European Semester
0%
Renforce la coopération policière européenne, notamment dans la lutte contre la criminalité organisée et le terrorisme. Europol Regulation
0%
Vise à rendre le système alimentaire européen plus sain et plus durable, de la production à la consommation. Farm to Fork
0%
Met en place un cadre européen de coopération pour mieux contrôler les investissements étrangers sensibles. FDI Screening
0%
Ensemble cohérent de réformes visant à mettre l’UE sur la trajectoire de -55 % d’émissions nettes d’ici 2030, avec des volets carbone, transport, énergie et bâtiments. Fit for 55
0%
Ensemble de règles européennes garantissant la sécurité sanitaire des aliments dans le marché intérieur. Food Safety framework
0%
Soutient les États membres dans la gestion des frontières extérieures de l’UE. Frontex / European Border and Coast Guard
0%
Permet à la Commission d’enquêter sur des subventions étrangères qui faussent la concurrence dans le marché intérieur. FSR
0%
Réduit progressivement l’empreinte carbone de l’énergie utilisée par les navires. FuelEU Maritime
0%
Cadre européen central de protection des données personnelles, devenu une référence internationale. GDPR / RGPD
0%
Modernise les règles de sécurité générale des produits vendus dans l’UE, y compris via le commerce en ligne. General Product Safety Regulation
0%
Cherche à accélérer le déploiement des réseaux très haut débit en réduisant les coûts et délais d’infrastructure. Gigabit Infrastructure Act
0%
Renforce la capacité de l’UE à anticiper et gérer les urgences sanitaires, notamment sur les contre-mesures médicales. HERA
0%
Améliore les connexions entre les bases de données européennes de sécurité, justice et migration. Interopérabilité / ECRIS et autres
0%
Permet à la Commission d’autoriser des aides d’État massives pour des projets stratégiques transnationaux, dans des secteurs comme les batteries, l’hydrogène ou la microélectronique. IPCEI
0%
Introduit un ajustement carbone aux frontières pour certaines importations, afin de limiter les fuites de carbone et d’éviter qu’une production fortement émettrice soit simplement délocalisée hors de l’UE. MACF
0%
Crée un cadre harmonisé pour les crypto-actifs, leurs émetteurs et les prestataires de services, afin d’accroître la sécurité juridique et la protection des utilisateurs. MiCA
0%
Constituent le cadre central des marchés d’instruments financiers dans l’UE, avec des règles de transparence, de conduite et d’organisation des marchés. MiFID II / MiFIR
0%
Introduit des objectifs juridiquement contraignants de restauration des écosystèmes terrestres et marins, en complément des politiques climatiques. Nature Restoration Law
0%
Oriente la politique européenne de consommation autour de la transition verte, du numérique et d’une meilleure protection des consommateurs. New Consumer Agenda
0%
Instrument exceptionnel de relance financé par emprunt commun, destiné à soutenir la reprise post-Covid et les transformations structurelles. NextGenerationEU
0%
Élargit fortement les obligations de cybersécurité pour les entités essentielles et importantes, en imposant gouvernance, gestion des risques et notification des incidents. NIS2
0%
Favorise la réutilisation des données du secteur public, afin de stimuler l’innovation et les services numériques. Open Data Directive
0%
Politique historique de l’UE, qui soutient les revenus agricoles, oriente les pratiques et finance aussi le développement rural. PAC
0%
Cherche à réduire les déchets d’emballages et à améliorer leur réemploi et recyclage. Packaging and Packaging Waste rules
0%
Refonde le système européen d’asile et de migration avec de nouvelles règles sur le filtrage, les procédures, Eurodac et la solidarité entre États membres. Pacte sur la migration et l’asile
0%
Vise à réduire les écarts de rémunération femmes-hommes grâce à davantage de transparence salariale et à de nouveaux droits pour les salariés. Pay Transparency Directive
0%
Permet à des États membres volontaires de développer des projets communs en matière de défense et de capacités. PESCO
0%
Accroît la transparence de la publicité politique et encadre davantage certaines techniques de ciblage. Political Advertising Regulation
0%
Encadre le détachement des travailleurs afin de mieux concilier libre prestation de services et protection sociale. Posted Workers Directive
0%
Organise le marché des paiements, l’open banking et certaines obligations de sécurité pour les prestataires de services de paiement. PSD2
0%
Fixe le cadre pour augmenter la part des renouvelables dans le mix européen et accélérer les procédures de déploiement. RED
0%
Remplace l’ancien fonctionnement des règles budgétaires par des plans budgétaires structurels à moyen terme, davantage centrés sur la soutenabilité de la dette et la dépense nette. Réforme de la gouvernance économique
0%
Réponse à la crise énergétique et à la guerre en Ukraine : réduire la dépendance vis-à-vis des combustibles russes, accélérer les renouvelables, l’efficacité énergétique et la diversification des approvisionnements. REPowerEU
0%
C’est le cœur opérationnel de NextGenerationEU : il finance réformes et investissements nationaux liés à la transition verte, numérique et à la résilience économique. RRF
0%
Cadre commun des contrôles aux frontières extérieures et de certaines règles relatives aux frontières intérieures. Schengen Borders Code
0%
Le marché carbone européen fait payer les émissions de certains secteurs et constitue l’un des instruments centraux de la décarbonation européenne. SEQE-UE
0%
Vise à approfondir le marché intérieur en réduisant les obstacles réglementaires, administratifs et techniques qui fragmentent encore les échanges intra-européens. Single Market Strategy
0%
Vise à améliorer l’environnement économique des petites et moyennes entreprises, en agissant sur l’accès au financement, la simplification réglementaire et la transition verte et numérique. SME Strategy
0%
Réoriente des financements européens existants vers trois blocs stratégiques : numérique, technologies propres et biotechnologies. STEP
0%
Document d’orientation qui fixe les priorités de sécurité et de défense de l’UE pour les années récentes. Strategic Compass
0%
Organise les grands corridors de transport européens et les priorités d’infrastructures. TEN-T
0%
Harmonise les règles de sécurité des jouets dans l’UE. Toy Safety Directive
0%
Renforce les droits minimaux des travailleurs en matière d’information sur le contrat et de prévisibilité des conditions de travail. Transparent and Predictable Working Conditions Directive
0%
Cadre financier de long terme pour soutenir la stabilité macroéconomique, la reconstruction et les réformes de l’Ukraine. Ukraine Facility
0%
Cadre général de la politique européenne des déchets, fondé sur la hiérarchie prévention-réemploi-recyclage. Waste Framework Directive
0%
Protège les lanceurs d’alerte signalant certaines violations du droit de l’UE. Whistleblower Protection Directive
0%
Développe les droits à congé et les mécanismes de conciliation, notamment pour mieux répartir les charges familiales. Work-Life Balance Directive
0%
Aucun quiz correspondant
Distribution des résultats
% des personnes avec chaque résultat
Percentile par nombre de réponses
Votre historique - résultats
Vous n’avez pas pris ce quiz